| 000 | 00925nam a22002417a 4500 | ||
|---|---|---|---|
| 999 |
_c17083 _d17083 |
||
| 003 | AR-CdUCM | ||
| 008 | 190507b ||||| |||| 00| 0 spa d | ||
| 040 |
_aMUNICIPALIDAD PROVINCIAL DEL CUSCO _cBIBLIOTECA MUNICIPAL DEL CUSCO |
||
| 041 | _heng | ||
| 082 |
_24ed. _a901 / _bT77 |
||
| 100 |
_aToynbee, Arnold J. _97718 |
||
| 245 | _aLa civilización puesta a prueba / | ||
| 260 |
_aBuenos Aires : _bEmecé, _c1960. |
||
| 300 |
_a198 páginas ; _c18 cm. |
||
| 440 |
_aColección Piragua. _913120 |
||
| 505 | _aContenido: Mi visión de la historia -- Nuestro tiempo en la historia -- ¿Se repite la historia? -- La civilización grecorromana -- La unificación del mundo y el cambio en la perspectiva histórica ... | ||
| 650 |
_aCivilización contemporánea _934667 |
||
| 650 |
_aFilosofía _9395 |
||
| 650 |
_aHistoria _9136 |
||
| 700 |
_aC. M. (traducción) _936916 |
||
| 942 |
_2ddc _cLIBROS |
||
| 945 |
_aachl _d2019-05-07 |
||